[Event "Stay Safe Play From Home 322"]
[Site "Emanuel Lasker Arena"]
[Date "2020.07.22"]
[Round "7"]
[White "NeatFox"]
[Black "Buzaglo"]
[Result "0-1"]
[WhiteElo "1802"]
[BlackElo "1860"]
[Annotator "NA"]
[PlyCount "76"]
[EventDate "2020.07.22"]
[EventType "swiss (blitz)"]

1. g4 {[%emt 0:00:01]} e6 {[%emt 0:00:00]} 2. Bg2 {[%emt 0:00:02]} d5 {[%emt 0:00:00]} 3. c4 {[%emt 0:00:01]} c5 {[%emt 0:00:00]} 4. cxd5 {[%emt 0:00:01]} exd5 {[%emt 0:00:00]} 5. Qb3 {[%emt 0:00:00]} Nf6 {[%emt 0:00:05]} 6. g5 {[%emt 0:00:01]} Ne4 {[%emt 0:00:01]} 7. d3 {[%emt 0:00:02]} Nxg5 {[%emt 0:00:02]} 8. Bxd5 {[%emt 0:00:01]} Be6 {[%emt 0:00:04]} 9. Bxe6 {[%emt 0:00:02]} Nxe6 {[%emt 0:00:01]} 10. Qxb7 {[%emt 0:00:01]} Nd7 {[%emt 0:00:01]} 11. Nc3 {[%emt 0:00:01]} Rb8 {[%emt 0:00:01]} 12. Qxa7 {[%emt 0:00:01]} Bd6 {[%emt 0:00:01]} 13. Ne4 {[%emt 0:00:03]} Bc7 {[%emt 0:00:02]} 14. Nf3 {[%emt 0:00:03]} O-O {[%emt 0:00:01]} 15. Qa4 {[%emt 0:00:02]} Nf6 {[%emt 0:00:03]} 16. Nxf6+ {[%emt 0:00:02]} Qxf6 {[%emt 0:00:01]} 17. Qg4 {[%emt 0:00:02]} Rb4 {[%emt 0:00:04]} 18. Qg2 {[%emt 0:00:02]} Qf5 {[%emt 0:00:04]} 19. Rg1 {[%emt 0:00:01]} g6 {[%emt 0:00:01]} 20. b3 {[%emt 0:00:04]} h5 {[%emt 0:00:03]} 21. Bb2 {[%emt 0:00:01]} Rg4 {[%emt 0:00:01]} 22. Qf1 {[%emt 0:00:02]} Nd4 {[%emt 0:00:04]} 23. Nxd4 {[%emt 0:00:04]} cxd4 {[%emt 0:00:03]} 24. Rxg4 {[%emt 0:00:01]} Qxg4 {[%emt 0:00:00]} 25. O-O-O {[%emt 0:00:03]} Rc8 {[%emt 0:00:01]} 26. Kb1 {[%emt 0:00:00]} Bxh2 {[%emt 0:00:01]} 27. f3 {[%emt 0:00:02]} Qg5 {[%emt 0:00:03]} 28. Qf2 {[%emt 0:00:02]} Qf4 {[%emt 0:00:01]} 29. Qxd4 {[%emt 0:00:01]} Qxd4 {[%emt 0:00:01]} 30. Bxd4 {[%emt 0:00:01]} Bf4 {[%emt 0:00:00]} 31. e3 {[%emt 0:00:01]} Rd8 {[%emt 0:00:00]} 32. Bb6 {[%emt 0:00:03]} Rd6 {[%emt 0:00:01]} 33. Bc5 {[%emt 0:00:01]} Rc6 {[%emt 0:00:01]} 34. d4 {[%emt 0:00:00]} Bxe3 {[%emt 0:00:01]} 35. Re1 {[%emt 0:00:01]} Bf2 {[%emt 0:00:01]} 36. Re8+ {[%emt 0:00:00]} Kg7 {[%emt 0:00:01]} 37. Re7 {[%emt 0:00:01]} Re6 {[%emt 0:00:02]} 38. Kc2 {[%emt 0:00:00]} Re2+ {[%emt 0:00:01] Zeit (Lag: Av=0.50s, max=1.0s)} 0-1

[Event "Stay Safe Play From Home 322"]
[Site "Emanuel Lasker Arena"]
[Date "2020.07.22"]
[Round "7"]
[White "Meini"]
[Black "Trotsky"]
[Result "0-1"]
[WhiteElo "1577"]
[BlackElo "1570"]
[Annotator "NA"]
[PlyCount "38"]
[EventDate "2020.07.22"]
[EventType "swiss (blitz)"]

1. d4 {[%emt 0:00:02]} d5 {[%emt 0:00:01]} 2. Bf4 {[%emt 0:00:01]} e6 {[%emt 0:00:01]} 3. e3 {[%emt 0:00:01]} c5 {[%emt 0:00:01]} 4. c3 {[%emt 0:00:02]} Nc6 {[%emt 0:00:01]} 5. Nf3 {[%emt 0:00:01]} c4 {[%emt 0:00:02]} 6. Be2 {[%emt 0:00:01]} Bd6 {[%emt 0:00:01]} 7. Bg3 {[%emt 0:00:02]} Qc7 {[%emt 0:00:01]} 8. O-O {[%emt 0:00:01]} h5 {[%emt 0:00:01]} 9. Nbd2 {[%emt 0:00:02]} Bd7 {[%emt 0:00:01]} 10. Bxd6 {[%emt 0:00:01]} Qxd6 {[%emt 0:00:01]} 11. e4 {[%emt 0:00:00]} f6 {[%emt 0:00:03]} 12. Re1 {[%emt 0:00:03]} O-O-O {[%emt 0:00:01]} 13. b3 {[%emt 0:00:03]} Nh6 {[%emt 0:00:02]} 14. bxc4 {[%emt 0:00:02]} g5 {[%emt 0:00:03]} 15. cxd5 {[%emt 0:00:02]} exd5 {[%emt 0:00:01]} 16. e5 {[%emt 0:00:06]} fxe5 {[%emt 0:00:01]} 17. Nxe5 {[%emt 0:00:01]} Ng4 {[%emt 0:00:01]} 18. Nxd7 {[%emt 0:00:04]} Qxh2+ {[%emt 0:00:03]} 19. Kf1 {[%emt 0:00:02]} Qh1# {[%emt 0:00:01] (Lag: Av=0.29s, max=0.4s)} 0-1

[Event "Stay Safe Play From Home 322"]
[Site "Emanuel Lasker Arena"]
[Date "2020.07.22"]
[Round "7"]
[White "Mandy"]
[Black "Oznog"]
[Result "0-1"]
[WhiteElo "880"]
[BlackElo "1754"]
[Annotator "NA"]
[PlyCount "42"]
[EventDate "2020.07.22"]
[EventType "swiss (blitz)"]

1. d4 {[%emt 0:00:03]} Nf6 {[%emt 0:00:01]} 2. Bf4 {[%emt 0:00:01]} c5 {[%emt 0:00:00]} 3. e3 {[%emt 0:00:02]} cxd4 {[%emt 0:00:01]} 4. Qxd4 {[%emt 0:00:04]} e6 {[%emt 0:00:00]} 5. Qd1 {[%emt 0:00:01]} d5 {[%emt 0:00:02]} 6. Bd3 {[%emt 0:00:02]} Bd6 {[%emt 0:00:00]} 7. Bxd6 {[%emt 0:00:02]} Qxd6 {[%emt 0:00:00]} 8. c4 {[%emt 0:00:05]} Nc6 {[%emt 0:00:00]} 9. b3 {[%emt 0:00:01]} Ne5 {[%emt 0:00:02]} 10. Bc2 {[%emt 0:00:06]} O-O {[%emt 0:00:05]} 11. Nd2 {[%emt 0:00:01]} dxc4 {[%emt 0:00:02]} 12. f4 {[%emt 0:00:04]} Nd3+ {[%emt 0:00:01]} 13. Bxd3 {[%emt 0:00:02]} cxd3 {[%emt 0:00:00]} 14. Nc4 {[%emt 0:00:03]} Qb4+ {[%emt 0:00:03]} 15. Kf1 {[%emt 0:00:04]} Nd5 {[%emt 0:00:10]} 16. Nd2 {[%emt 0:00:05]} Nxe3+ {[%emt 0:00:01]} 17. Kf2 {[%emt 0:00:06]} Nxd1+ {[%emt 0:00:02]} 18. Rxd1 {[%emt 0:00:02]} Qxf4+ {[%emt 0:00:00]} 19. Ke1 {[%emt 0:00:02]} Qxd2+ {[%emt 0:00:00]} 20. Rxd2 {[%emt 0:00:03]} b6 {[%emt 0:00:00]} 21. Nf3 {[%emt 0:00:02]} Bb7 {[%emt 0:00:00] Zeit (Lag: Av=0.46s, max=0.5s)} 0-1

[Event "Stay Safe Play From Home 322"]
[Site "Emanuel Lasker Arena"]
[Date "2020.07.22"]
[Round "8"]
[White "Mepe_Nika"]
[Black "Fischer_11"]
[Result "1-0"]
[WhiteElo "2415"]
[BlackElo "2043"]
[Annotator "NA"]
[PlyCount "117"]
[EventDate "2020.07.22"]
[EventType "swiss (blitz)"]

1. g3 {[%emt 0:00:01]} Nf6 {[%emt 0:00:01]} 2. Bg2 {[%emt 0:00:00]} g6 {[%emt 0:00:00]} 3. b3 {[%emt 0:00:01]} Bg7 {[%emt 0:00:00]} 4. Bb2 {[%emt 0:00:00]} h6 {[%emt 0:00:00]} 5. Nf3 {[%emt 0:00:01]} h5 {[%emt 0:00:00]} 6. h4 {[%emt 0:00:01]} O-O {[%emt 0:00:00]} 7. O-O {[%emt 0:00:00]} d6 {[%emt 0:00:00]} 8. d4 {[%emt 0:00:01]} e5 {[%emt 0:00:00]} 9. dxe5 {[%emt 0:00:01]} dxe5 {[%emt 0:00:00]} 10. Nxe5 {[%emt 0:00:01]} Nbd7 {[%emt 0:00:02]} 11. Nxd7 {[%emt 0:00:01]} Bxd7 {[%emt 0:00:00]} 12. Nc3 {[%emt 0:00:01]} Qe7 {[%emt 0:00:02]} 13. Nd5 {[%emt 0:00:02]} Nxd5 {[%emt 0:00:01]} 14. Bxg7 {[%emt 0:00:00]} Kxg7 {[%emt 0:00:06]} 15. Bxd5 {[%emt 0:00:01]} c6 {[%emt 0:00:03]} 16. Qd4+ {[%emt 0:00:02]} Qf6 {[%emt 0:00:01]} 17. Qxf6+ {[%emt 0:00:01]} Kxf6 {[%emt 0:00:00]} 18. Bf3 {[%emt 0:00:00]} Bf5 {[%emt 0:00:02]} 19. Rfd1 {[%emt 0:00:01]} Rad8 {[%emt 0:00:05]} 20. c3 {[%emt 0:00:02]} Rfe8 {[%emt 0:00:01]} 21. Kf1 {[%emt 0:00:01]} Bc2 {[%emt 0:00:03]} 22. Rxd8 {[%emt 0:00:01]} Rxd8 {[%emt 0:00:00]} 23. Ke1 {[%emt 0:00:00]} Rd7 {[%emt 0:00:03]} 24. Rc1 {[%emt 0:00:01]} Bf5 {[%emt 0:00:01]} 25. Rd1 {[%emt 0:00:01]} Ke5 {[%emt 0:00:07]} 26. Rxd7 {[%emt 0:00:02]} Bxd7 {[%emt 0:00:00]} 27. Kd2 {[%emt 0:00:00]} b6 {[%emt 0:00:00]} 28. b4 {[%emt 0:00:01]} c5 {[%emt 0:00:01]} 29. Ke3 {[%emt 0:00:02]} cxb4 {[%emt 0:00:02]} 30. cxb4 {[%emt 0:00:01]} a5 {[%emt 0:00:00]} 31. bxa5 {[%emt 0:00:01]} bxa5 {[%emt 0:00:00]} 32. a3 {[%emt 0:00:00]} f6 {[%emt 0:00:02]} 33. Be4 {[%emt 0:00:02]} g5 {[%emt 0:00:01]} 34. Bg6 {[%emt 0:00:03]} gxh4 {[%emt 0:00:02]} 35. gxh4 {[%emt 0:00:00]} f5 {[%emt 0:00:06]} 36. Bxh5 {[%emt 0:00:02]} f4+ {[%emt 0:00:00]} 37. Kd2 {[%emt 0:00:01]} Kf5 {[%emt 0:00:00]} 38. Bf3 {[%emt 0:00:01]} Be6 {[%emt 0:00:02]} 39. e4+ {[%emt 0:00:02]} fxe3+ {[%emt 0:00:01]} 40. fxe3 {[%emt 0:00:00]} Bf7 {[%emt 0:00:00]} 41. h5 {[%emt 0:00:01]} Ke5 {[%emt 0:00:00]} 42. h6 {[%emt 0:00:01]} Bg6 {[%emt 0:00:00]} 43. Bh5 {[%emt 0:00:01]} Bh7 {[%emt 0:00:00]} 44. Be2 {[%emt 0:00:00]} Kf5 {[%emt 0:00:00]} 45. Bd3+ {[%emt 0:00:01]} Kg5 {[%emt 0:00:00]} 46. Bxh7 {[%emt 0:00:00]} Kxh6 {[%emt 0:00:00]} 47. Bc2 {[%emt 0:00:01]} Kg7 {[%emt 0:00:00]} 48. Kc3 {[%emt 0:00:00]} Kf6 {[%emt 0:00:00]} 49. Kc4 {[%emt 0:00:00]} Ke5 {[%emt 0:00:00]} 50. Kb5 {[%emt 0:00:00]} Kd6 {[%emt 0:00:00]} 51. Kxa5 {[%emt 0:00:00]} Kc7 {[%emt 0:00:00]} 52. e4 {[%emt 0:00:00]} Kb8 {[%emt 0:00:00]} 53. e5 {[%emt 0:00:00]} Ka8 {[%emt 0:00:00]} 54. e6 {[%emt 0:00:00]} Kb8 {[%emt 0:00:00]} 55. e7 {[%emt 0:00:00]} Ka7 {[%emt 0:00:00]} 56. e8=Q {[%emt 0:00:01]} Kb7 {[%emt 0:00:00]} 57. Qd7+ {[%emt 0:00:01]} Ka8 {[%emt 0:00:00]} 58. Be4+ {[%emt 0:00:01]} Kb8 {[%emt 0:00:00]} 59. Qb7# {[%emt 0:00:01] (Lag: Av=0.36s, max=0.5s)} 1-0

[Event "Stay Safe Play From Home 322"]
[Site "Emanuel Lasker Arena"]
[Date "2020.07.22"]
[Round "8"]
[White "Mr bh6"]
[Black "SoulofWolf"]
[Result "1-0"]
[WhiteElo "2399"]
[BlackElo "2093"]
[PlyCount "39"]
[EventDate "2020.07.22"]
[EventType "swiss (blitz)"]

1. g3 {[%emt 0:00:01]} c5 {[%emt 0:00:01]} 2. Bg2 {[%emt 0:00:00]} Nc6 {[%emt 0:00:00]} 3. Nf3 {[%emt 0:00:00]} e6 {[%emt 0:00:00]} 4. O-O {[%emt 0:00:00]} d5 {[%emt 0:00:00]} 5. d4 {[%emt 0:00:00]} Nf6 {[%emt 0:00:00]} 6. c4 {[%emt 0:00:00]} Qc7 {[%emt 0:00:01]} 7. cxd5 {[%emt 0:00:00]} Nxd5 {[%emt 0:00:00]} 8. e4 {[%emt 0:00:01]} Nf6 {[%emt 0:00:01]} 9. d5 {[%emt 0:00:00]} exd5 {[%emt 0:00:01]} 10. exd5 {[%emt 0:00:00]} Nb4 {[%emt 0:00:01]} 11. Re1+ {[%emt 0:00:01]} Kd8 {[%emt 0:00:03]} 12. Nc3 {[%emt 0:00:01]} Bg4 {[%emt 0:00:01]} 13. a3 {[%emt 0:00:01]} Na6 {[%emt 0:00:02]} 14. Bf4 {[%emt 0:00:03]} Qd7 {[%emt 0:00:02]} 15. d6 {[%emt 0:00:04]} h6 {[%emt 0:00:03]} 16. h3 {[%emt 0:00:03]} Bxf3 {[%emt 0:00:01]} 17. Qxf3 {[%emt 0:00:00]} g5 {[%emt 0:00:00]} 18. Be5 {[%emt 0:00:00]} Bg7 {[%emt 0:00:01]} 19. Bxf6+ {[%emt 0:00:01]} Bxf6 {[%emt 0:00:01]} 20. Qxf6+ {[%emt 0:00:00] SoulofWolf poddaje siê (Lag: Av=0.48s, max=0.8s)} 1-0

[Event "Stay Safe Play From Home 322"]
[Site "Emanuel Lasker Arena"]
[Date "2020.07.22"]
[Round "8"]
[White "BrainThinker22"]
[Black "Stefanone"]
[Result "1-0"]
[WhiteElo "2363"]
[BlackElo "2085"]
[Annotator "NA"]
[PlyCount "65"]
[EventDate "2020.07.22"]
[EventType "swiss (blitz)"]

1. e4 {[%emt 0:00:01]} d6 {[%emt 0:00:01]} 2. Nc3 {[%emt 0:00:01]} g6 {[%emt 0:00:00]} 3. g3 {[%emt 0:00:00]} Bg7 {[%emt 0:00:00]} 4. Bg2 {[%emt 0:00:00]} Nc6 {[%emt 0:00:00]} 5. d3 {[%emt 0:00:00]} e5 {[%emt 0:00:00]} 6. Be3 {[%emt 0:00:01]} Qe7 {[%emt 0:00:00]} 7. Qd2 {[%emt 0:00:01]} Nd4 {[%emt 0:00:01]} 8. Nd1 {[%emt 0:00:01]} f5 {[%emt 0:00:02]} 9. c3 {[%emt 0:00:00]} Nc6 {[%emt 0:00:01]} 10. Ne2 {[%emt 0:00:00]} Nf6 {[%emt 0:00:01]} 11. h3 {[%emt 0:00:01]} O-O {[%emt 0:00:01]} 12. O-O {[%emt 0:00:00]} fxe4 {[%emt 0:00:01]} 13. dxe4 {[%emt 0:00:00]} Be6 {[%emt 0:00:01]} 14. f4 {[%emt 0:00:01]} Qd7 {[%emt 0:00:02]} 15. Kh2 {[%emt 0:00:02]} Bc4 {[%emt 0:00:01]} 16. Nf2 {[%emt 0:00:03]} Bxe2 {[%emt 0:00:00]} 17. Qxe2 {[%emt 0:00:01]} Qe7 {[%emt 0:00:02]} 18. f5 {[%emt 0:00:01]} Kh8 {[%emt 0:00:03]} 19. g4 {[%emt 0:00:01]} Ng8 {[%emt 0:00:02]} 20. g5 {[%emt 0:00:01]} gxf5 {[%emt 0:00:01]} 21. exf5 {[%emt 0:00:00]} Rxf5 {[%emt 0:00:01]} 22. Ng4 {[%emt 0:00:01]} e4 {[%emt 0:00:01]} 23. Rxf5 {[%emt 0:00:02]} Be5+ {[%emt 0:00:01]} 24. Nxe5 {[%emt 0:00:01]} Nxe5 {[%emt 0:00:01]} 25. Raf1 {[%emt 0:00:01]} Qg7 {[%emt 0:00:01]} 26. Bxe4 {[%emt 0:00:01]} Rd8 {[%emt 0:00:02]} 27. Bd4 {[%emt 0:00:01]} Re8 {[%emt 0:00:01]} 28. Rf7 {[%emt 0:00:02]} Nxf7 {[%emt 0:00:06]} 29. Bxg7+ {[%emt 0:00:01]} Kxg7 {[%emt 0:00:00]} 30. Qf3 {[%emt 0:00:01]} Nxg5 {[%emt 0:00:01]} 31. Qg4 {[%emt 0:00:03]} Rxe4 {[%emt 0:00:02]} 32. Qxg5+ {[%emt 0:00:01]} Kh8 {[%emt 0:00:01]} 33. Rf8 {[%emt 0:00:01] Stefanone abbandona (Lag: Av=0.32s, max=0.8s)} 1-0

[Event "Stay Safe Play From Home 322"]
[Site "Emanuel Lasker Arena"]
[Date "2020.07.22"]
[Round "8"]
[White "Lazieri3"]
[Black "Broken sword"]
[Result "0-1"]
[WhiteElo "2071"]
[BlackElo "2417"]
[PlyCount "80"]
[EventDate "2020.07.22"]
[EventType "swiss (blitz)"]

1. e4 {[%emt 0:00:01]} c5 {[%emt 0:00:00]} 2. Nc3 {[%emt 0:00:00]} e6 {[%emt 0:00:01]} 3. d3 {[%emt 0:00:00]} a6 {[%emt 0:00:00]} 4. Nf3 {[%emt 0:00:01]} d5 {[%emt 0:00:00]} 5. Bg5 {[%emt 0:00:01]} f6 {[%emt 0:00:01]} 6. Bh4 {[%emt 0:00:02]} d4 {[%emt 0:00:00]} 7. Ne2 {[%emt 0:00:01]} Nc6 {[%emt 0:00:00]} 8. e5 {[%emt 0:00:01]} g5 {[%emt 0:00:01]} 9. Bg3 {[%emt 0:00:02]} f5 {[%emt 0:00:02]} 10. h3 {[%emt 0:00:01]} h5 {[%emt 0:00:01]} 11. Qd2 {[%emt 0:00:02]} Bh6 {[%emt 0:00:02]} 12. Qd1 {[%emt 0:00:04]} h4 {[%emt 0:00:01]} 13. Bh2 {[%emt 0:00:02]} Nge7 {[%emt 0:00:00]} 14. c4 {[%emt 0:00:02]} dxc3 {[%emt 0:00:01]} 15. Nxc3 {[%emt 0:00:02]} b5 {[%emt 0:00:01]} 16. Be2 {[%emt 0:00:06]} Bb7 {[%emt 0:00:01]} 17. O-O {[%emt 0:00:01]} Qd7 {[%emt 0:00:00]} 18. Rc1 {[%emt 0:00:03]} Rc8 {[%emt 0:00:01]} 19. a3 {[%emt 0:00:02]} Ng6 {[%emt 0:00:02]} 20. Re1 {[%emt 0:00:02]} Kf7 {[%emt 0:00:01]} 21. Bf1 {[%emt 0:00:01]} Kg7 {[%emt 0:00:01]} 22. Nd2 {[%emt 0:00:03]} Rhd8 {[%emt 0:00:02]} 23. Qh5 {[%emt 0:00:01]} Qf7 {[%emt 0:00:02]} 24. Nf3 {[%emt 0:00:02]} Nge7 {[%emt 0:00:05]} 25. Qxf7+ {[%emt 0:00:00]} Kxf7 {[%emt 0:00:00]} 26. Rcd1 {[%emt 0:00:03]} Ng6 {[%emt 0:00:01]} 27. Be2 {[%emt 0:00:03]} Nd4 {[%emt 0:00:02]} 28. Nxd4 {[%emt 0:00:01]} c4 {[%emt 0:00:00]} 29. dxc4 {[%emt 0:00:03]} bxc4 {[%emt 0:00:02]} 30. Nf3 {[%emt 0:00:01]} Bc6 {[%emt 0:00:03]} 31. Rxd8 {[%emt 0:00:01]} Rxd8 {[%emt 0:00:00]} 32. Bxc4 {[%emt 0:00:02]} Rc8 {[%emt 0:00:01]} 33. Nd4 {[%emt 0:00:01]} Bd7 {[%emt 0:00:01]} 34. Bxe6+ {[%emt 0:00:01]} Bxe6 {[%emt 0:00:01]} 35. Nxe6 {[%emt 0:00:00]} Kxe6 {[%emt 0:00:00]} 36. Na4 {[%emt 0:00:01]} Rb8 {[%emt 0:00:01]} 37. b4 {[%emt 0:00:01]} Bf8 {[%emt 0:00:01]} 38. Nc5+ {[%emt 0:00:00]} Bxc5 {[%emt 0:00:00]} 39. bxc5 {[%emt 0:00:01]} Rc8 {[%emt 0:00:00]} 40. f4 {[%emt 0:00:00]} gxf4 {[%emt 0:00:01] Time (Lag: Av=0.36s, max=0.9s)} 0-1

[Event "Stay Safe Play From Home 322"]
[Site "Emanuel Lasker Arena"]
[Date "2020.07.22"]
[Round "8"]
[White "Buzaglo"]
[Black "Oznog"]
[Result "0-1"]
[WhiteElo "1874"]
[BlackElo "1755"]
[Annotator "NA"]
[PlyCount "76"]
[EventDate "2020.07.22"]
[EventType "swiss (blitz)"]

1. d4 {[%emt 0:00:01]} Nf6 {[%emt 0:00:05]} 2. Nf3 {[%emt 0:00:00]} c5 {[%emt 0:00:01]} 3. g3 {[%emt 0:00:00]} cxd4 {[%emt 0:00:01]} 4. Bg2 {[%emt 0:00:00]} e6 {[%emt 0:00:01]} 5. Nxd4 {[%emt 0:00:01]} d5 {[%emt 0:00:00]} 6. Nf3 {[%emt 0:00:01]} Be7 {[%emt 0:00:00]} 7. O-O {[%emt 0:00:00]} O-O {[%emt 0:00:00]} 8. c4 {[%emt 0:00:00]} Nc6 {[%emt 0:00:00]} 9. cxd5 {[%emt 0:00:00]} Nxd5 {[%emt 0:00:01]} 10. Nc3 {[%emt 0:00:01]} Nxc3 {[%emt 0:00:01]} 11. bxc3 {[%emt 0:00:00]} Qxd1 {[%emt 0:00:01]} 12. Rxd1 {[%emt 0:00:00]} Bf6 {[%emt 0:00:02]} 13. Bd2 {[%emt 0:00:01]} Ne5 {[%emt 0:00:01]} 14. Nd4 {[%emt 0:00:01]} Nc4 {[%emt 0:00:02]} 15. Bf4 {[%emt 0:00:04]} e5 {[%emt 0:00:01]} 16. Bd5 {[%emt 0:00:03]} exd4 {[%emt 0:00:06]} 17. Bxc4 {[%emt 0:00:01]} dxc3 {[%emt 0:00:01]} 18. Rac1 {[%emt 0:00:02]} Bf5 {[%emt 0:00:02]} 19. Bd3 {[%emt 0:00:02]} Bxd3 {[%emt 0:00:02]} 20. Rxd3 {[%emt 0:00:00]} Rac8 {[%emt 0:00:01]} 21. e4 {[%emt 0:00:02]} g5 {[%emt 0:00:02]} 22. Bd6 {[%emt 0:00:04]} Rfd8 {[%emt 0:00:01]} 23. e5 {[%emt 0:00:01]} Bxe5 {[%emt 0:00:02]} 24. Bxe5 {[%emt 0:00:04]} Rxd3 {[%emt 0:00:01]} 25. Kg2 {[%emt 0:00:03]} b5 {[%emt 0:00:01]} 26. a3 {[%emt 0:00:02]} a5 {[%emt 0:00:01]} 27. h4 {[%emt 0:00:03]} b4 {[%emt 0:00:01]} 28. axb4 {[%emt 0:00:01]} axb4 {[%emt 0:00:00]} 29. hxg5 {[%emt 0:00:01]} b3 {[%emt 0:00:01]} 30. Bxc3 {[%emt 0:00:03]} Rcxc3 {[%emt 0:00:02]} 31. Rb1 {[%emt 0:00:00]} Rc2 {[%emt 0:00:02]} 32. Kh3 {[%emt 0:00:02]} Rxf2 {[%emt 0:00:02]} 33. Ra1 {[%emt 0:00:02]} b2 {[%emt 0:00:01]} 34. Ra8+ {[%emt 0:00:00]} Kg7 {[%emt 0:00:01]} 35. Rb8 {[%emt 0:00:00]} Rd1 {[%emt 0:00:02]} 36. Kg4 {[%emt 0:00:01]} b1=Q {[%emt 0:00:01]} 37. g6 {[%emt 0:00:00]} Qxg6+ {[%emt 0:00:03]} 38. Kh3 {[%emt 0:00:01]} Rh1# {[%emt 0:00:00] (Lag: Av=0.50s, max=0.7s)} 0-1

[Event "Stay Safe Play From Home 322"]
[Site "Emanuel Lasker Arena"]
[Date "2020.07.22"]
[Round "8"]
[White "Udolerhard"]
[Black "mcwashere99"]
[Result "0-1"]
[WhiteElo "1820"]
[BlackElo "1805"]
[Annotator "NA"]
[PlyCount "104"]
[EventDate "2020.07.22"]
[EventType "swiss (blitz)"]

1. d4 {[%emt 0:00:03]} Nf6 {[%emt 0:00:01]} 2. Bf4 {[%emt 0:00:00]} c5 {[%emt 0:00:00]} 3. e3 {[%emt 0:00:01]} cxd4 {[%emt 0:00:01]} 4. exd4 {[%emt 0:00:00]} d5 {[%emt 0:00:00]} 5. Nf3 {[%emt 0:00:01]} Nc6 {[%emt 0:00:00]} 6. c3 {[%emt 0:00:00]} Bg4 {[%emt 0:00:00]} 7. Nbd2 {[%emt 0:00:01]} e6 {[%emt 0:00:01]} 8. Bd3 {[%emt 0:00:01]} Bd6 {[%emt 0:00:00]} 9. Bg3 {[%emt 0:00:02]} Bh5 {[%emt 0:00:01]} 10. Qb3 {[%emt 0:00:01]} Bxg3 {[%emt 0:00:02]} 11. hxg3 {[%emt 0:00:01]} Qb6 {[%emt 0:00:00]} 12. Ne5 {[%emt 0:00:05]} Qxb3 {[%emt 0:00:02]} 13. axb3 {[%emt 0:00:01]} O-O {[%emt 0:00:02]} 14. g4 {[%emt 0:00:02]} Bg6 {[%emt 0:00:01]} 15. Bxg6 {[%emt 0:00:01]} hxg6 {[%emt 0:00:00]} 16. g5 {[%emt 0:00:00]} Nxe5 {[%emt 0:00:02]} 17. gxf6 {[%emt 0:00:02]} Nd3+ {[%emt 0:00:01]} 18. Ke2 {[%emt 0:00:02]} Nf4+ {[%emt 0:00:02]} 19. Kf3 {[%emt 0:00:02]} Nh5 {[%emt 0:00:01]} 20. fxg7 {[%emt 0:00:01]} Kxg7 {[%emt 0:00:00]} 21. g4 {[%emt 0:00:01]} Nf6 {[%emt 0:00:00]} 22. b4 {[%emt 0:00:03]} Rh8 {[%emt 0:00:02]} 23. Kg2 {[%emt 0:00:02]} Rxh1 {[%emt 0:00:01]} 24. Rxh1 {[%emt 0:00:00]} Nxg4 {[%emt 0:00:00]} 25. f3 {[%emt 0:00:00]} Nf6 {[%emt 0:00:01]} 26. Kf2 {[%emt 0:00:01]} a6 {[%emt 0:00:00]} 27. Ra1 {[%emt 0:00:00]} b6 {[%emt 0:00:01]} 28. b5 {[%emt 0:00:01]} Nd7 {[%emt 0:00:00]} 29. Rxa6 {[%emt 0:00:02]} Rb8 {[%emt 0:00:03]} 30. Ra7 {[%emt 0:00:01]} Nf6 {[%emt 0:00:01]} 31. b4 {[%emt 0:00:01]} g5 {[%emt 0:00:01]} 32. Rc7 {[%emt 0:00:01]} g4 {[%emt 0:00:01]} 33. f4 {[%emt 0:00:01]} Kg6 {[%emt 0:00:01]} 34. Kg3 {[%emt 0:00:01]} Kf5 {[%emt 0:00:05]} 35. Rxf7 {[%emt 0:00:01]} Rh8 {[%emt 0:00:01]} 36. Rb7 {[%emt 0:00:01]} Rh3+ {[%emt 0:00:01]} 37. Kg2 {[%emt 0:00:00]} Rxc3 {[%emt 0:00:00]} 38. Rxb6 {[%emt 0:00:01]} Rc2 {[%emt 0:00:02]} 39. Rc6 {[%emt 0:00:03]} Rxd2+ {[%emt 0:00:00]} 40. Kg1 {[%emt 0:00:01]} Kxf4 {[%emt 0:00:02]} 41. Rxe6 {[%emt 0:00:01]} Ne4 {[%emt 0:00:00]} 42. b6 {[%emt 0:00:02]} Kg3 {[%emt 0:00:01]} 43. Kf1 {[%emt 0:00:04]} Kf3 {[%emt 0:00:01]} 44. Ke1 {[%emt 0:00:01]} Re2+ {[%emt 0:00:01]} 45. Kd1 {[%emt 0:00:01]} Nc3+ {[%emt 0:00:00]} 46. Kc1 {[%emt 0:00:00]} Rxe6 {[%emt 0:00:00]} 47. Kc2 {[%emt 0:00:00]} Rxb6 {[%emt 0:00:00]} 48. Kxc3 {[%emt 0:00:00]} g3 {[%emt 0:00:00]} 49. Kb3 {[%emt 0:00:00]} g2 {[%emt 0:00:00]} 50. Ka4 {[%emt 0:00:00]} g1=Q {[%emt 0:00:00]} 51. Ka5 {[%emt 0:00:00]} Qxd4 {[%emt 0:00:00]} 52. b5 {[%emt 0:00:00]} Qc5 {[%emt 0:00:02] Time (Lag: Av=0.75s, max=1.7s) .} 0-1

[Event "Stay Safe Play From Home 322"]
[Site "Emanuel Lasker Arena"]
[Date "2020.07.22"]
[Round "8"]
[White "Klasman"]
[Black "Mandy"]
[Result "1-0"]
[WhiteElo "1408"]
[BlackElo "880"]
[Annotator "NA"]
[PlyCount "35"]
[EventDate "2020.07.22"]
[EventType "swiss (blitz)"]

1. f4 {[%emt 0:00:02]} Nf6 {[%emt 0:00:03]} 2. Nf3 {[%emt 0:00:01]} d5 {[%emt 0:00:02]} 3. Nc3 {[%emt 0:00:01]} e6 {[%emt 0:00:01]} 4. d4 {[%emt 0:00:01]} Bb4 {[%emt 0:00:02]} 5. e3 {[%emt 0:00:01]} O-O {[%emt 0:00:03]} 6. Bd3 {[%emt 0:00:01]} Qe7 {[%emt 0:00:03]} 7. O-O {[%emt 0:00:01]} Nbd7 {[%emt 0:00:02]} 8. Bd2 {[%emt 0:00:01]} c6 {[%emt 0:00:03]} 9. Ne5 {[%emt 0:00:05]} c5 {[%emt 0:00:01]} 10. a3 {[%emt 0:00:03]} Ba5 {[%emt 0:00:07]} 11. Qf3 {[%emt 0:00:06]} c4 {[%emt 0:00:04]} 12. Be2 {[%emt 0:00:02]} g6 {[%emt 0:00:15]} 13. g4 {[%emt 0:00:01]} Ne4 {[%emt 0:00:03]} 14. Be1 {[%emt 0:00:08]} Nxc3 {[%emt 0:00:06]} 15. bxc3 {[%emt 0:00:02]} Nb6 {[%emt 0:00:04]} 16. h3 {[%emt 0:00:05]} Na4 {[%emt 0:00:01]} 17. f5 {[%emt 0:00:04]} Nxc3 {[%emt 0:00:01]} 18. fxg6 {[%emt 0:00:04] Zeit (Lag: Av=0.50s, max=0.8s)} 1-0